000 00348 a2200169 4500
001 187094
020 _a85-16-03102-0
040 _cMagnum
100 _aFurnari, Eva
240 1 0 _aNão confunda...
_lpor
245 1 0 _aNão confunda...
300 _a31
362 0 _a2007
440 1 _aModerna
697 _aLITERATURA INFANTIL
942 _cBK
999 _c187094
_d187094